00758nam a22002057a 4500999001900000005001700019010001300036020002200049035001300071037001300084082001000097100001900107245010800126260005100234270005000285300002700335500004000362942002400402952012600426 c164604d16460420190523123157.0 aB-162367 a8177645919c00.00 aB-162367 bDBAD/PUB a512.5 aAdhikari, M.R. aText book of linear algebra:bAn introduction to modern algebra/c M.R. Adhikari (and) Avishek Adhikari aNew DelhibAllied publications pvt. ltd.c2004 aA-104 Mayapuri, phase II, bnew Delhie110064 axiii,510p.c25cm.(Hbk) ait includes Bibliography and index. 2ddccENh512.5mADH 0010407-18NFICaLbLd2019-05-23eDBAD/PUBg0.00l0o512.5 ADHpB-162367r2019-05-23 00:00:00t1v0.00w2019-05-23yEN